Statistiques concernant Tableau des éléments #1 : Hydrogène (DD)

Cliquez ici pour prendre le quiz!

Statistiques générales

  • Ce quiz a été pris 3 fois
  • Le résultat moyen est 6 sur 29

Statistiques - réponses

InformationsRéponse% Correct
Groupe1
100%
Période1
100%
État fondamental2S1/2
100%
Masse atomiqie relative1,00794
33%
Niveau d'oxydation1,1
33%
Année de découverte1766
33%
Classement selon la proportion de poids dans l'écorce terrestre9
33%
Pays de découverteAngleterre
33%
DécouvreurHenry Cavendish
33%
DésignationHydrogène / Hydrogénium
33%
ClassificationNon métaux
33%
Potentiel standard (V(l)0.00
0%
Densité (20°C)(g/l)0,084
0%
Fraction de masse dans la géosphère de la Terre (%)0,88
0%
Énergie d'ionisation (eV)13,5984
0%
Configuration électronique1s1
0%
Electronégativité Allred-Rochow2,2
0%
Electronégativité Pauling2,2
0%
Température d'ébullition252,87
0%
Température de fusion259,14
0%
Rayon atomique (pm)37,5
0%
D2 0,0115
0%
Classification IIÉlément natural
0%
État de la matière (20°C, 1013,25 hPaGazeuse
0%
Composition des isotopes (%)H1 99,9885
0%
T3 10-16
0%
Dureté de mohsX
0%
Half-lifeX
0%
Type de structures des résaux cristallinsX
0%

Distribution des résultats

Percentile par nombre de réponses

% des personnes avec chaque résultat

Votre développement - résultats

Vous n’avez pas pris ce quiz